ZKM Gdynia - 147 - Statystyki

Ogólne statystyki
  • Ten quiz został rozwiązany 25 razy
    20 od ostatniego zresetowania
  • Średni wynik to 25 z 30
Statystyki odpowiedzi
Przystanek Ulica % Poprawnych
Armii Krajowej Władysława IV
100%
Karwiny Nowowiczlińska Nowowiczlińska
100%
Rolnicza Rolnicza
100%
Sokoła Chwarznieńska
100%
Witomino Centrum Rolnicza
100%
Amona Chwarznieńska
92%
I Urząd Skarbowy Władysława IV
92%
Okrężna I Chwarznieńska
92%
Okrężna II Chwarznieńska
92%
Staniszewskiego Staniszewskiego
92%
Chwarzno Apollina Chwarznieńska
83%
Dąbrowa Centrum Nowowiczlińska
83%
Uczniowska Chwarznieńska
83%
Węzeł Franciszki Cegielskiej Kielecka
83%
Wiczlino Skrzyżowanie Chwarznieńska
83%
Wiczlińska - Las Wiczlińska
83%
Anyżowa Nowowiczlińska
75%
Bryla Staniszewskiego
75%
Filipkowskiego Wiczlińska
75%
Gdynia Dworzec Gł. PKP Pl. Konstytucji
75%
Gradowa Wiczlińska
75%
Jowisza Chwarznieńska
75%
Kilińskiego Władysława IV
75%
Wiczlińska - Śliska Wiczlińska
75%
Witomino Sosnowa Chwarznieńska
75%
Wzgórze Św. Maksymiliana SKM Władysława IV
75%
Gdynia Dworzec Gł. PKP - Hala Jana z Kolna
67%
Kwiatkowskiej Zaruskiego
67%
Promienna Chwarznieńska
67%
Wiczlino Działki II Wiczlińska
67%
Nie znaleziono quizów pasujących do podanych kryteriów
Rozkład punktacji
Procent ludzi z każdym wynikiem
Percentyl według liczby udzielonych odpowiedzi
Twoja historia wyników
Nie rozwiązałeś tego quizu od ostatniego zresetowania